| 000 | 00638nam a2200193 i 4500 | ||
|---|---|---|---|
| 001 | 188847 | ||
| 003 | ES-MaACL | ||
| 005 | 20250522203633.0 | ||
| 008 | 190219s1964 sp |||| | cat d | ||
| 100 | 0 |
_aEllin, Stanley. _947026 |
|
| 245 | 1 | 0 |
_aJoc de testimonis / _cStanley Ellin ; [traducció de Ramon Folch i Camarasa]. |
| 260 |
_aBarcelona : _bEdiciones 62, _c[1964] |
||
| 300 |
_a160 p. ; _c18 cm. |
||
| 490 | 1 |
_aCol·lecció "La Cua de Palla" ; _v7 |
|
| 700 | 1 |
_aFolch i Camarasa, Ramon, _d1926- _951450 |
|
| 830 | 0 |
_aCol·lecció "La Cua de Palla" ; _v7 _9193174 |
|
| 852 |
_aES-MaACL _jP-507-Bis-7 |
||
| 999 |
_c188847 _d188847 |
||